| 000 | 00956nam2a2200229 4500 | ||
|---|---|---|---|
| 001 | rc\3053907 | ||
| 005 | 20260315070210.0 | ||
| 035 | _a(NLR Aleph) 007193198 | ||
| 090 |
_a13625641 _c13625641 |
||
| 100 | _a20111011d1942 u y0rusy50 ca | ||
| 101 | 0 | _arus | |
| 102 | _aRU | ||
| 105 | _ay z ||||| | ||
| 200 | 1 | _a(Боец, отделение, взвод) | |
| 210 | _d1942 | ||
| 215 | _a170, [1] с. | ||
| 461 | 0 |
_1001rc\3053906 _12001#$aБоевой устав пехоты РККА (БУП-38)$eЧ. 1-$fНар. ком. обороны СССР$vЧ. 1 _97558365 _aСССР. Инспекция артиллерии и бронесил Красной Армии _cМахачкала _d1942- _fНар. ком. обороны СССР _nДаггосиздат _oЧ. 1- _tБоевой устав пехоты РККА (БУП-38) _vЧ. 1 |
|
| 801 | 0 |
_aRU _bNLR _gpsbo |
|
| 801 | 1 |
_aRU _bELAR _2rusmarc |
|
| 852 |
_aNLR _jВ40 Г-1/40(1) |
||
| 942 | _cUNSPEC | ||
| 980 | _aNB | ||